[Event "FRA-ch 50+"]
[Site "L'Alpe d'Huez"]
[Date "2023.08.19"]
[Round "1"]
[White "Furgoni, Jean Luc"]
[Black "Bruneau, Laurent"]
[Result "1/2-1/2"]
[WhiteElo "1728"]
[BlackElo "2172"]
[PlyCount "188"]
[EventDate "2023.08.19"]
[EventType "swiss"]
[EventRounds "9"]
[EventCountry "FRA"]
[SourceTitle "EXT 2024"]
[Source "ChessBase"]
[SourceDate "2023.10.10"]
[SourceVersion "1"]
[SourceVersionDate "2023.10.10"]
[SourceQuality "1"]

1. d4 Nf6 2. c4 e5 3. dxe5 Ng4 4. Bf4 Nc6 5. a3 Ngxe5 6. e3 g6 7. Nc3 Bg7 8. Bd3 d6 9. Nge2 Be6 10. Nd4 Nxd3+ 11. Qxd3 Ne5 12. Qe4 Bd7 13. c5 0-0 14. cxd6 cxd6 15. 0-0 Re8 16. Qxb7 Rb8 17. Qxa7 Nc6 18. Nxc6 Bxc6 19. Qa6 Rb6 20. Qe2 Qa8 21. f3 Qb7 22. Rf2 d5 23. Qd2 Rd8 24. e4 d4 25. Na2 Bd7 26. Nb4 Be6 27. Rc1 d3 28. Bc7 Rbd6 29. Bxd6 Rxd6 30. Rff1 h5 31. Nxd3 Qb6+ 32. Kh1 Qd8 33. Rfd1 Bb3 34. g3 Bxd1 35. Rxd1 Qb6 36. Qc2 Rc6 37. Qe2 Qb3 38. Nb4 Rc8 39. Kg2 Bf8 40. Nd5 Rc2 41. Rd2 Rc1 42. Qe3 Qc4 43. Qd3 Qxd3 44. Rxd3 Rc2+ 45. Kh3 Rxb2 46. Nf6+ Kg7 47. e5 Be7 48. Ne4 g5 49. Rd7 Kf8 50. Ra7 Re2 51. g4 h4 52. Ra8+ Kg7 53. Ra7 Kf8 54. a4 Re3 55. Kg2 Re2+ 56. Kg1 h3 57. Ra8+ Kg7 58. Ra7 Kf8 59. Ra8+ Kg7 60. Ra7 Rg2+ 61. Kh1 Kf8 62. Ra8+ Kg7 63. Ra7 Bd8 64. Rb7 Ra2 65. Kg1 Kf8 66. Rb8 Ke7 67. Nxg5 Rg2+ 68. Kh1 Rf2 69. Nxh3 Rxf3 70. Rb7+ Ke8 71. Kg2 Re3 72. Rb5 Re4 73. Nf2 Rxa4 74. Kg3 Kd7 75. Rd5+ Ke7 76. h4 Bc7 77. h5 Ke6 78. Rd3 Bxe5+ 79. Kh3 Kf6 80. Rf3+ Kg7 81. Nd3 Bd6 82. g5 Be7 83. Rg3 Ra5 84. h6+ Kh7 85. Kh4 f6 86. g6+ Kxh6 87. g7 Rh5+ 88. Kg4 Rg5+ 89. Kf3 Rxg7 90. Rxg7 Kxg7 91. Kg4 Kg6 92. Nf4+ Kf7 93. Kf5 Ke8 94. Ke4 Bf8 1/2-1/2